00389nam a2200133Ia 4500003000400000008004100004040001600045082002200061100003200083245005800115490003700173650001900210650002600229GCL140319s9999 xx 000 0 ara d aGCL / cGCL04aطb813.02bع م1 aعفاف عبدالبارى10aمملكة السحر / cعفاف عبدالبارى aالمكتبة الذهبيةv004aالاطفال04aقصص الاطفال